000 00233nam a2200097Ia 4500
008 190216s9999||||xx |||||||||||||| ||und||
100 _aJagannath Das Rethnagar
245 0 _aHindi-Bhihari Rathnakar
260 _bRathnagar
942 _cBK
999 _c17237
_d17237